000 00203 a2200097 4500
001 28772
100 _aSeth, R
245 _aThe art of spying
260 _a
_bBarnes and Noble
_c
090 _c19214
_d19214
942 _aNUST-CAE
_cM
_c10241
999 _c263845
_d263845